000 00513nam a22001697a 4500
005 20240918103840.0
008 231208b |||||||| |||| 00| 0 eng d
020 _a9780409017021 ; 9780409016284
041 _aEnglish
082 _a349 BUT
100 _lEnglish
245 _aButterworths Forms and Precedents :
_bEmployment
260 _aDurban :
_bLexisNexis (Pty) Ltd,
_c2016
300 _bviii, 73 pages ;
_c26 cm.
650 _aLegal practice
_bLaw
942 _cBK
_6ALISON_BN_VRIES
999 _c1164
_d1164